Ulana : powieść poleska /
Shranjeno v:
| Glavni avtor: | |
|---|---|
| Korporativna značnica: | |
| Drugi avtorji: | |
| Format: | Knjiga |
| Jezik: | poljščina |
| Izdano: |
Warszawa :
Ludowa Spółdzielnia Wydawnicza,
1985.
|
| Izdaja: | [Wyd. 18]. |
| Oznake: |
Brez oznak, prvi označite!
|
MARC
| LEADER | 00000nam a2200000 i 4500 | ||
|---|---|---|---|
| 001 | 991008357119705066 | ||
| 005 | 20260515140225.0 | ||
| 008 | 981118s1985 pl |000 f pol | ||
| 020 | |a 8320535719 | ||
| 035 | |a 991008357119705066 | ||
| 035 | |a (PL-WaBN)b1215703x-48omnis_nlop | ||
| 035 | |a b1215703x | ||
| 035 | |a (OCoLC)830183820 | ||
| 035 | |a zz2004866817 | ||
| 035 | |a (PL)b0000001215703 | ||
| 035 | |a (EXLNZ-48OMNIS_NETWORK)9910136959205606 | ||
| 040 | |a WA N |c WA N | ||
| 041 | 0 | |a pol | |
| 080 | |a 884-3 | ||
| 090 | |c 40 |d 39 | ||
| 100 | 1 | |a Kraszewski, Józef Ignacy |d (1812-1887) | |
| 245 | 1 | 0 | |a Ulana : |b powieść poleska / |c Józef Ignacy Kraszewski ; [wstęp Stanisław Burkot]. |
| 250 | |a [Wyd. 18]. | ||
| 260 | |a Warszawa : |b Ludowa Spółdzielnia Wydawnicza, |c 1985. | ||
| 300 | |a 148, [4] s. ; |c 17 cm. | ||
| 700 | 1 | |a Burkot, Stanisław |d (1932-2019) |e Przedm. | |
| 710 | 2 | |a Ludowa Spółdzielnia Wydawnicza | |
| 920 | |a 83-205-3571-9 | ||
| 942 | |c K | ||
| 952 | |0 0 |1 0 |4 0 |6 R__20_000000000000000 |7 0 |9 38 |a RYT |b RYT |d 2026-03-17 |e 1/2026 |g 10.00 |l 0 |o R.20 |p 2000000000206 |r 2026-05-15 14:02:25 |w 2026-05-15 |y BK |z da | ||
| 999 | |c 38 |d 38 | ||